Представление документа в формате MARC21

Поле Инд. ПП Название Значение
Тип записи a
Библиографический уровень b
001 Контрольный номер RU/IS/BASE/289570393
005 Дата корректировки 20200630193306.8
008 Кодируемые данные 20090305
040 b Код языка каталог. rus
e Правила каталог. PSBO
041 0_ a Код языка текста rus
084 a Индекс другой классификации/Индекс ББК 83.3(4Гем)5-118
100 1_ a Автор Казарцев Е. В.
245 10 a Заглавие 4-стопное ямбы М. Опица и ритмика нидерландского стиха
504 a Библиография Библиогр. - Примеч.: с. 50 - 53
600 14 a Персоналии Опиц Мартин
650 04 a Основная рубрика история литературы
a Основная рубрика литературоведение
a Основная рубрика поэтика
a Основная рубрика теория литературы
a Основная рубрика филологические науки
653 0_ a Ключевые слова XVI век
a Ключевые слова XVII век
a Ключевые слова Германия
a Ключевые слова литературный стих
a Ключевые слова Нидерланды
a Ключевые слова поэзия
a Ключевые слова ритмика стиха
a Ключевые слова стихосложение
a Ключевые слова стихотворения
a Ключевые слова стихотворный размер
a Ключевые слова ямб
773 08 t Заглавие источника Вестник Московского университета. Серия 9, Филология
d Дата издания источника 2008
g Прочая информация № 2. - С. 44 - 53 : табл., граф
w Контрольный № источника RU/IS/BASE/286474537
901 t Тип документа b